ბათუმის შოთა რუსთაველის სახელმწიფო უნივერსიტეტის ბიბლიოთეკა

ნარკოტიკების ავადმოხმარების პრევენცია : (ბიბ.ჩანაწერი № 55628)

000 -ლიდერი
ფიქსირებული სიგრძის საკონტროლო ველი 02234nam a2200301Ia 4500
001 - საკონტროლო ნომერი
საკონტროლო ველი 22723
003 - საკონტროლო ნომრის იდენტიფიკატორი
საკონტროლო ველი GE_BSU
005 - ბოლო ოპერაციის თარიღი და დრო
საკონტროლო ველი 20221219141859.0
008 - ფიქსირებული სიგრძის მონაცემთა ელემენტები - ზოგადი ინფორმაცია
ფიქსირებული სიგრძის საკონტროლო ველი 181216s2017||||ge |||||||||||||| ||geo||
020 ## - წიგნის საერთაშორისო სტანდარტული ნომერი
International Standard Book Number 9789941097409
040 ## - კატალოგიზაციის წყარო
Transcribing agency GE_BSU
041 ## - ენის კოდი
Language code of text/sound track or separate title geo
080 ## - უნივერსალური ათობითი კლასიფიკაციის ინდექსი
Universal Decimal Classification number 613.83:616.89.008(075.8) ჯ-14
100 ## - მთავარი ჩანაწერი - პიროვნების სახელი
Personal name ჯავახიშვილი, ჯანა.
9 (RLIN) 16488
245 ## - ცნობა სათაურის შესახებ
Title ნარკოტიკების ავადმოხმარების პრევენცია :
Remainder of title ცხოვრების ჯანსაღი სტილის დამკვიდრების მიდგომა : სახელმძღვანელო ადიქტოლოგებისთვის, ფსიქოლოგებისთვის, პედაგოგებისთვის, სკოლის ადმინისტრაციისა და პრევენციით დაინტერესებული სხვა მომიჯნავე პროფესიების წარმომადგენლებისათვის /
Statement of responsibility, etc ჯანა ჯავახიშვილი ; სტილისტური რედაქტორი რუსუდან ჩინჩალაძე ; მხატვარი ნატო ბაგრატიონი ; დიზაინი გიორგი ბაგრატიონი.
250 ## - გამოცემის ცნობა
Edition statement მე-3გამოცემა.
264 ## - წარმოების, გამოცემის, დისტრიბუციის და სხვა ცნობები
გამოცემის, წარმოების, დისტრიბუციის... ადგილი თბილისი :
გამოცემის, წარმოების, დისტრიბუციის... სახელწოდება ნეკერი,
გამოცემის, წარმოების, დისტრიბუციის... თარიღი 2017.
300 ## - ფიზიკური აღწერა
Extent 196 გვ.;
Other physical details ნახ.;
Dimensions 20 სმ.
504 ## - BIBLIOGRAPHY, ETC. NOTE
Bibliography, etc ბიბლიოგრ.: გვ. 184-194
520 ## - SUMMARY, ETC.
Summary, etc გამოცემულია ევროკომისიის დაფინანსებით.
653 ## - INDEX TERM--UNCONTROLLED
Uncontrolled term მედიცინა
653 ## - INDEX TERM--UNCONTROLLED
Uncontrolled term ნარკომანიის პრევენცია
700 ## - ADDED ENTRY--PERSONAL NAME
Personal name ჩინჩალაძე, რუსუდან
Relator term რედაქტორი
9 (RLIN) 16490
700 ## - ADDED ENTRY--PERSONAL NAME
Personal name ბაგრატიონი, ნატო
Relator term მხატვარი
9 (RLIN) 16491
700 ## - ADDED ENTRY--PERSONAL NAME
Personal name ბაგრატიონი, გიორგი
Relator term დიზაინერი.
9 (RLIN) 16493
942 ## - ADDED ENTRY ELEMENTS (KOHA)
Koha item type წიგნი
Source of classification or shelving scheme
ეგზემპლარები
ჩამოწერის სტატუსი დაკარგული ეგზემპლარის სტატუსი კლასიფიკაციის წყარო ან თაროზე გაწყობის სქემა დაზიანების სტატუსი არ გაიცემა მუდმივი მდებარეობა (დაცვის ადგილი) ამჟამინდელი ადგილსამყოფელი თაროზე განთავსების ადგილი შეძენის თარიღი ღირებულება, შესყიდვის ნორმალური ფასი სრული შენახვის შიფრი შტრიხკოდი ბოლო ოპერაციის თარიღი ეგზემპლარის მიმდევრობითი ნომერი (კეტერი?) ფასის ძალაში შესვლის თარიღი ეგზემპლარის სახეობა საჯარო შენიშვნა
          ბათუმის შოთა რუსთაველის სახელმწიფო უნივერსიტეტის მთავარი ბიბლიოთეკა ბათუმის შოთა რუსთაველის სახელმწიფო უნივერსიტეტის მთავარი ბიბლიოთეკა წიგნსაცავი 2018-12-17 8.00 613.83:616.89.008(075.8) ჯ-14 58178 2018-12-17 58178 2018-12-17 წიგნი 8 ლ.
          ბათუმის შოთა რუსთაველის სახელმწიფო უნივერსიტეტის მთავარი ბიბლიოთეკა ბათუმის შოთა რუსთაველის სახელმწიფო უნივერსიტეტის მთავარი ბიბლიოთეკა წიგნსაცავი 2018-12-17 8.00 613.83:616.89.008(075.8) ჯ-14 58179 2018-12-17 58179 2018-12-17 წიგნი 8 ლ.
          ბათუმის შოთა რუსთაველის სახელმწიფო უნივერსიტეტის მთავარი ბიბლიოთეკა ბათუმის შოთა რუსთაველის სახელმწიფო უნივერსიტეტის მთავარი ბიბლიოთეკა წიგნსაცავი 2018-12-17 8.00 613.83:616.89.008(075.8) ჯ-14 58180 2018-12-17 58180 2018-12-17 წიგნი 8 ლ.
          ბათუმის შოთა რუსთაველის სახელმწიფო უნივერსიტეტის მთავარი ბიბლიოთეკა ბათუმის შოთა რუსთაველის სახელმწიფო უნივერსიტეტის მთავარი ბიბლიოთეკა წიგნსაცავი 2018-12-17 8.00 613.83:616.89.008(075.8) ჯ-14 58181 2018-12-17 58181 2018-12-17 წიგნი 8 ლ.
          ბათუმის შოთა რუსთაველის სახელმწიფო უნივერსიტეტის მთავარი ბიბლიოთეკა ბათუმის შოთა რუსთაველის სახელმწიფო უნივერსიტეტის მთავარი ბიბლიოთეკა წიგნსაცავი 2018-12-17 8.00 613.83:616.89.008(075.8) ჯ-14 58182 2018-12-17 58182 2018-12-17 წიგნი 8 ლ.